| 000 | 01279 a2200205 4500 | ||
|---|---|---|---|
| 001 | 38032 | ||
| 005 | 20260407155645.0 | ||
| 008 | 260407a1985 arg spa d | ||
| 003 | AR-UNSa-BCEJYS | ||
| 040 |
_aAR-UNSa-BCEJYS _bspa _cAR-UNSa-BCEJYS |
||
| 080 |
_a911.3:33(82) _xGeografía económica argentina |
||
| 245 | 1 | 0 | _aCompendio de geografía económica y argentina |
| 020 | _a950-568-010-4 | ||
| 264 | 1 |
_aBuenos Aires : _bERGON _c1985 |
|
| 300 |
_a376 p. _c26 cm. |
||
| 505 | _a1. La realidad socioeconomica mundial - 2. La geografía económica y sus principios fundamentales - 3. Factores naturales indirectos - 4. Recursos naturales - 5. Estadistica demográfica - 6. Dinámica demográfica - 7. Instrumental de producción - 8. La energía - 9. Transporte y comunicaciones - 10. Acumulación y conservación de bienes - 11. Aspectos económicos de la agricultura - 12. Cereales - 13. Oleaginosas - 14. Fibras textiles - 15. Plantas sacariferas - 16. Plantas estimulantes - 17. Hortalizas, legumbres y frutales - 18. Ganadería - 19. Avicultura - 20. Fauna terrestre y riqueza del mar - 21. Recursos forestales - 22. Explotación forestal - 23. La minería en general. | ||
| 942 | _cBK | ||
| 590 | _aniveau_biblio:m niveau_hierar:0 | ||
| 100 | 1 | _aCarlevari, Isidro J.F. | |
| 999 |
_c2841 _d2841 |
||